00768 2200253 4500001002100000008004100021035002000062245013000082100000800212250001000220260002600230300002800256020002200284084001400306520005000320520004500370082000800415650003100423990001200454990001200466990001200478990001200490990001200502INLIS000000000016114 ind  a0010-0423000131 aDdotty & Sleepground Seri Sains Terkini: Printer 3D Mesin Pintar Yang Mewujudkan ImajinasimucLee Bom;Penyunting,Mustika Arum aBOM acet.1 aJakarta :bM&C,c2019 a144 hlm.: ilus.c26 cm. a978-602-480-277-6 a507 LEE d aJudul asli : Ddoty & Sleepground : 3D Printer aalih bahasa, Ni Made Santika Krisnadiari a507 aSAINS-STUDI DAN PENGAJARAN a10943 a a10943 b a10943 c a10943 d a10943 e